| 000 | 00822nam a2200253 4500 | ||
|---|---|---|---|
| 001 | 11892 | ||
| 003 | HDC | ||
| 007 | cr bn ---aaaaa | ||
| 008 | 210208c dr|noo 0 a eng d | ||
| 040 | _aHDC | ||
| 100 |
_aKohilah Sekaran _eauthor _912258 |
||
| 245 | 0 |
_a"Rayani Air akan kembali" - Ravi Alangendrran / _cby Kohilah Sekaran |
|
| 260 |
_a[No place] : _b Astro Awani, _c2016 |
||
| 336 |
_atext _2rdacontent |
||
| 337 |
_acomputer _2rdamedia |
||
| 338 |
_aonline resource _2rdacarrier |
||
| 650 |
_aAirplane _910168 |
||
| 650 |
_aServices _912259 |
||
| 710 | _a Astro Awani | ||
| 856 | _zRequest full-text at [email protected] | ||
| 942 | _2lcc | ||
| 942 | _cNEWS | ||
| 942 | _kNWSO 002373 | ||
| 999 |
_c9215 _d9215 |
||